| 000 -LEADER |
| fixed length control field |
00524nam a22001697a 4500 |
| 003 - CONTROL NUMBER IDENTIFIER |
| control field |
OSt |
| 005 - DATE AND TIME OF LATEST TRANSACTION |
| control field |
20191029062525.0 |
| 008 - FIXED-LENGTH DATA ELEMENTS--GENERAL INFORMATION |
| fixed length control field |
180316b xxu||||| |||| 00| 0 spa d |
| 040 ## - CATALOGING SOURCE |
| Transcribing agency |
PJ |
| 100 ## - ASIENTO PRINCIPAL - NOMBRE DE PERSONA |
| Personal name |
Ihering, Rudolf von |
| 9 (RLIN) |
126 |
| 245 13 - MENCIÓN DE TÍTULO |
| Título propiamente dicho |
La lucha por el derecho / |
| Mención de responsabilidad, etc |
R. Von Ihering; versión de Adolfo Posada, prólogo de Leopoldo Alas. |
| 260 ## - PUBLICATION, DISTRIBUTION, ETC. (IMPRINT) |
| Place of publication, distribution, etc |
Buenos Aires : |
| Name of publisher, distributor, etc |
Perrot, |
| Date of publication, distribution, etc |
1977. |
| 300 ## - DESCRIPCION FISICA |
| Extent |
140 p. |
| 490 ## - MENCION DE SERIE |
| Mención de Serie |
La Torre de Babel |
| Designación numérica/secuencial del volumen |
1 |
| 650 ## - ASIENTO SECUNDARIO DE MATERIA - TERMINO TEMATICO |
| Topical term or geographic name as entry element |
FILOSOFIA DEL DERECHO |
| 9 (RLIN) |
177 |
| 942 ## - ADDED ENTRY ELEMENTS (KOHA) |
| Source of classification or shelving scheme |
|
| Koha item type |
Libros |
| Classification part |
340.12 |
| Item part |
IHE |